| 000 -ლიდერი |
| ფიქსირებული სიგრძის საკონტროლო ველი |
01240nam a2200217Ia 4500 |
| 001 - საკონტროლო ნომერი |
| საკონტროლო ველი |
6314 |
| 003 - საკონტროლო ნომრის იდენტიფიკატორი |
| საკონტროლო ველი |
GE_BSU |
| 005 - ბოლო ოპერაციის თარიღი და დრო |
| საკონტროლო ველი |
20190603163606.0 |
| 008 - ფიქსირებული სიგრძის მონაცემთა ელემენტები - ზოგადი ინფორმაცია |
| ფიქსირებული სიგრძის საკონტროლო ველი |
181216s1985||||ge |||||||||||||| ||geo|| |
| 040 ## - კატალოგიზაციის წყარო |
| Transcribing agency |
GE_BSU |
| 080 ## - უნივერსალური ათობითი კლასიფიკაციის ინდექსი |
| Universal Decimal Classification number |
692 + 693.002.5 კ-20 |
| 100 ## - მთავარი ჩანაწერი - პიროვნების სახელი |
| Personal name |
კამპანიონი, ჟ. |
| 9 (RLIN) |
2012 |
| 245 ## - ცნობა სათაურის შესახებ |
| Title |
სამშენებლო გენერალური გეგმების დამუშავება და სამშენებლო მანქანების და სატრანსპორტო საშუალებათა მუშაობის ორგანიზაცია : |
| Remainder of title |
დამხმ. სახელმძღვ. / |
| Statement of responsibility, etc |
ჟ. კამპანიონი ; რედ. მ. ძიძიგური. |
| 264 ## - წარმოების, გამოცემის, დისტრიბუციის და სხვა ცნობები |
| გამოცემის, წარმოების, დისტრიბუციის... ადგილი |
თბილისი : |
| გამოცემის, წარმოების, დისტრიბუციის... სახელწოდება |
სპი, |
| გამოცემის, წარმოების, დისტრიბუციის... თარიღი |
1985. |
| 300 ## - ფიზიკური აღწერა |
| Extent |
108 გვ. ; |
| Dimensions |
20 სმ. |
| 653 ## - INDEX TERM--UNCONTROLLED |
| Uncontrolled term |
მშენებლობის გენერალური გეგმები |
| 653 ## - INDEX TERM--UNCONTROLLED |
| Uncontrolled term |
სამშენებლო მანქანები |
| 653 ## - INDEX TERM--UNCONTROLLED |
| Uncontrolled term |
სატრანსპორტო საშუალებები |
| 700 ## - ADDED ENTRY--PERSONAL NAME |
| Personal name |
მ. ძიძიგური |
| Relator term |
რედაქტორი |
| 9 (RLIN) |
2013 |
| 942 ## - ADDED ENTRY ELEMENTS (KOHA) |
| Koha item type |
წიგნი |
| Source of classification or shelving scheme |
|